000 02369cam a22005174i 4500
003 PE-LiUPU
005 20250731172802.0
008 150617s1982 sp r 000 0 spa d
020 _a8428508674
035 _a(Sirsi) i9788428508674
040 _aPE-LiUPU
_bspa
_cPE-LiUPU
_erda
049 _aPRUA
082 0 4 _a232
_bA71
_221
100 1 _aArias Reyero, Máximo,
_eautor.
245 1 0 _aJesús, el Cristo :
_bcurso fundamental de cristología /
_cMáximo Arias Reyero.
264 1 _aMadrid :
_bEdiciones Paulinas,
_c1982.
300 _a349 páginas ;
_c22 centímetros.
336 _atext
_2rdacontent
337 _aunmediated
_2rdamedia
338 _avolume
_2rdacarrier
490 0 _aColección Teología Pastoral
504 _aIncluye bibliografía.
505 0 _a¿Por qué estudiar a Jesús de Nazaret? -- ¿Cómo concer al verdadero Jesús? -- Camino para un encuentro con Jesús -- Jesucristo en el nuevo testamento: Jesús e Israel. La persona de Jesús. El mensaje de Jesús. Los milagros de Jesús y los misterios de su vida -- Muerte y resurrección de Jesús en el nuevo testamento: La muerte de Jesús. La resurrección de Jesús. Jesús y su madre -- La confesión de fe de la iglesia: Las confesiones de fe y los errores cristológicos -- Jesucristo en América latina.
526 _aSEG42
526 _aSEG41
526 _aSEG40
526 _aSEG39
526 _aP94
526 _aP87
526 _aP86
526 _aP85
526 _aP77
526 _aP76
526 _aP35
600 1 _aJESUCRISTO
_xMesiazgo
910 _ajck
_bjvq
_cjck
_d20150616
942 _2ddc
_cBOOK
949 _a232 A71
_wDEWEY
_c1
_i37032
_d2016-11-2
_e2016-10-31
_lCCODEBUL1
_mBUL
_n1
_r0
_sY
_tBOOK
_u2015-6-17
_xTEOLOGIA
_PP35
_0COMPRA
_o.STAFF. Colección General
949 _a232 A71
_wDEWEY
_c2
_i21506
_lCCODEBUL1
_mBUL
_r0
_sY
_tBOOK
_u2015-6-17
_xTEOLOGIA
_PP35
_0COMPRA
_o.STAFF. Colección General
994 _aC0
_bPEPRU
596 _a1
999 _a232 A71
_wDEWEY
_c3466
_i37032
_d3466
_e2019-5-21
_f2021-11-9
_g5
_lCCODEBUL1
_mBUL
_n2
_p12.00
_r0
_sY
_tBOOK
_u2015-6-17
_xTEOLOGIA
_PP35
_0COMPRA
_o.STAFF. Colección Teología
999 _a232 A71
_wDEWEY
_c2
_i21506
_f2021-11-11
_g5
_lCCODEBUL1
_mBUL
_r0
_sY
_tBOOK
_u2015-6-17
_xTEOLOGIA
_PP35
_0COMPRA
_o.STAFF. Colección General
980 _81
_gALBERTO SANCHEZ Responsable de Automatización